Flaggen Nord- und Südamerikas - Statistiken

Allgemein
  • Dieses Quiz wurde 40.556 mal gespielt
  • Das Durchschnittsergebnis liegt bei 23 aus 35
Antwortstatistiken
Bildquiz Antwort % Korrekt
Kanada
100%
Vereinigte Staaten
100%
Brasilien
99%
Mexiko
98%
Argentinien
96%
Jamaika
96%
Kolumbien
90%
Uruguay
88%
Venezuela
87%
Chile
83%
Ecuador
79%
Panama
77%
Peru
75%
Kuba
73%
Barbados
69%
Costa Rica
69%
Honduras
68%
Paraguay
61%
Dominikanische Republik
60%
Guatemala
56%
El Salvador
55%
Nicaragua
55%
Bolivien
54%
Trinidad und Tobago
54%
Haiti
53%
St. Lucia
53%
Bahamas
51%
Belize
48%
Suriname
47%
Antigua und Barbuda
46%
Guyana
44%
Dominica
43%
St. Vincent und die Grenadinen
42%
Grenada
40%
St. Kitts und Nevis
40%
Keine übereinstimmenden Quizze gefunden
Verteilung der Resultate
Anzahl Personen mit jedem Resultat
Perzentil nach korrekt beantworteten Fragen
Ihre Resultats-Entwicklung
Sie haben dieses Quiz noch nicht gespielt